Countries with the highest unemployment - Statistics

General Stats
  • This quiz has been taken 43 times
  • The average score is 6 of 15
Answer Stats
Unemployment Rate Country % Correct
46.10% Democratic Republic of the Congo
72%
26.60% Republic of the Congo
69%
40.00% Afghanistan
51%
26.00% Angola
51%
26.60% South Africa
51%
40.00% Kenya
49%
28.10% Namibia
38%
29.00% Yemen
38%
29.80% Gambia
36%
40.60% Haiti
33%
28.50% Swaziland
31%
54.00% Djibouti
26%
32.90% Kosovo
8%
41.57% Bosnia and Herzegovina
0%
26.90% Palestine
0%
No matching quizzes found
Score Distribution
Percent of People with Each Score
Percentile by Number Answered
Your Score History
You have not taken this quiz